[Event "Tromsoe Arctic NGP-A"]
[Site "Tromsoe"]
[Date "2013.08.17"]
[Round "5"]
[White "Fernandez Garcia, Relman"]
[Black "Machlik, Monika"]
[Result "0-1"]
[WhiteElo "2197"]
[BlackElo "1955"]
[PlyCount "162"]
[EventDate "2013.08.16"]
[EventType "swiss"]
[EventRounds "7"]
[EventCountry "NOR"]
[SourceTitle "CBM 156 Extra"]
[Source "ChessBase"]
[SourceDate "2013.10.22"]
[SourceVersion "1"]
[SourceVersionDate "2013.10.22"]
[SourceQuality "1"]

1. d4 d5 2. c4 dxc4 3. Nf3 Nf6 4. e3 Bg4 5. Bxc4 e6 6. Qb3 Bxf3 7. gxf3 Nbd7 8. Qxb7 c5 9. Nc3 Be7 10. d5 exd5 11. Bxd5 Nxd5 12. Qxd5 0-0 13. 0-0 Qc8 14. e4 Rb8 15. Qf5 Nb6 16. Qxc8 Rbxc8 17. f4 Rfd8 18. Be3 f5 19. Rad1 fxe4 20. Nxe4 Nc4 21. Rxd8+ Rxd8 22. Bxc5 Bxc5 23. Nxc5 Nxb2 24. Kg2 Rd5 25. Rc1 Kf7 26. Rc2 a5 27. Kf3 Nd3 28. Nxd3 Rxd3+ 29. Ke4 Ra3 30. Ke5 a4 31. f5 h6 32. Rc7+ Kg8 33. Rc2 Kf7 34. h4 h5 35. Rb2 Rf3 36. Rb7+ Kg8 37. Ra7 Ra3 38. f6 gxf6+ 39. Kxf6 Rxa2 40. f4 a3 41. Rg7+ Kh8 42. Rg5 Rf2 43. Rxh5+ Kg8 44. Rg5+ Kh8 45. f5 Rh2 46. Rg4 a2 47. Ra4 Kh7 48. Kf7 Rb2 49. Ra7 Rb7+ 50. Rxb7 a1Q 51. Re7 Qh1 52. Ke8+ Kh8 53. f6 Qxh4 54. f7 Qa4+ 55. Rd7 Qe4+ 56. Kf8 Qb4+ 57. Ke8 Qe4+ 58. Kf8 Kh7 59. Rd8 Qe6 60. Re8 Qd6+ 61. Re7 Qd8+ 62. Re8 Qd6+ 63. Re7 Kg6 64. Ke8 Qb8+ 65. Kd7 Kg7 66. Ke6 Qb6+ 67. Kd7 Kf8 68. Re6 Qb7+ 69. Kd6 Kxf7 70. Re5 Qb6+ 71. Kd5 Kf6 72. Re4 Qb5+ 73. Kd4 Kf5 74. Re3 Qb4+ 75. Kd3 Kf4 76. Re2 Qb3+ 77. Kd2 Kf3 78. Kc1 Qa3+ 79. Rb2 Ke3 80. Kb1 Qa6 81. Rb3+ Kd2 0-1

[Event "Wittelsbach op 1st"]
[Site "Kelheim"]
[Date "2012.12.29"]
[Round "7"]
[White "Fernandez Garcia, Relman"]
[Black "Pezerovic, Edin"]
[Result "0-1"]
[WhiteElo "2067"]
[BlackElo "2442"]
[PlyCount "86"]
[EventDate "2012.12.26"]
[EventType "swiss"]
[EventRounds "7"]
[EventCountry "GER"]
[SourceTitle "EXT 2014"]
[Source "ChessBase"]
[SourceDate "2013.11.20"]
[SourceVersion "1"]
[SourceVersionDate "2013.11.20"]
[SourceQuality "1"]

1. e4 c6 2. d4 d5 3. e5 Bf5 4. Bd3 Bxd3 5. Qxd3 e6 6. Nf3 Nd7 7. 0-0 Ne7 8. Rd1 Nf5 9. Nbd2 Be7 10. Nf1 0-0 11. c3 c5 12. Be3 c4 13. Qe2 b5 14. g4 Nxe3 15. Qxe3 b4 16. Ng3 h6 17. cxb4 Rb8 18. a3 a5 19. b3 cxb3 20. Qxb3 axb4 21. axb4 Rxb4 22. Qd3 Nb6 23. Rdb1 Rxb1+ 24. Rxb1 Qc7 25. Qa6 Rb8 26. Kg2 Nc4 27. Rxb8+ Qxb8 28. Qa4 Qb2 29. Qe8+ Bf8 30. Nf1 Qc2 31. h3 Nb2 32. Qb5 Nd3 33. N1d2 Bb4 34. Qe8+ Kh7 35. Qxf7 Bxd2 36. g5 Nf4+ 37. Kg3 Ne2+ 38. Kg2 Bc1 39. Nh4 Bxg5 40. Nf3 Qg6 41. Qa7 Nf4+ 42. Kh2 Qh5 43. Nxg5+ Qxg5 0-1

[Event "Wittelsbach op 1st"]
[Site "Kelheim"]
[Date "2012.12.29"]
[Round "6"]
[White "Meskovs, Nikita"]
[Black "Fernandez Garcia, Relman"]
[Result "1-0"]
[WhiteElo "2314"]
[BlackElo "2067"]
[PlyCount "49"]
[EventDate "2012.12.26"]
[EventType "swiss"]
[EventRounds "7"]
[EventCountry "GER"]
[SourceTitle "EXT 2014"]
[Source "ChessBase"]
[SourceDate "2013.11.20"]
[SourceVersion "1"]
[SourceVersionDate "2013.11.20"]
[SourceQuality "1"]

1. Nf3 d5 2. d4 Nf6 3. c4 e6 4. Nc3 a6 5. cxd5 exd5 6. Bg5 Be7 7. Qc2 Nc6 8. a3 0-0 9. e3 Re8 10. Bd3 h6 11. Bh4 Be6 12. 0-0 Ng4 13. Bg3 Bd6 14. Na4 Bxg3 15. hxg3 Qd6 16. Rfc1 Re7 17. Nc5 Nd8 18. b4 g6 19. Qc3 Bc8 20. e4 dxe4 21. Nxe4 Qb6 22. Ne5 Nxe5 23. dxe5 Nc6 24. Nf6+ Kg7 25. Nd5 1-0

[Event "Wittelsbach op 1st"]
[Site "Kelheim"]
[Date "2012.12.27"]
[Round "2"]
[White "Weigert, Wilhelm"]
[Black "Fernandez Garcia, Relman"]
[Result "0-1"]
[WhiteElo "2024"]
[BlackElo "2067"]
[PlyCount "66"]
[EventDate "2012.12.26"]
[EventType "swiss"]
[EventRounds "7"]
[EventCountry "GER"]
[SourceTitle "EXT 2014"]
[Source "ChessBase"]
[SourceDate "2013.11.20"]
[SourceVersion "1"]
[SourceVersionDate "2013.11.20"]
[SourceQuality "1"]

1. c4 e6 2. g3 d5 3. Bg2 Nf6 4. Nf3 c5 5. 0-0 Nc6 6. cxd5 exd5 7. d4 h6 8. Nc3 Be6 9. Bf4 a6 10. a4 Qb6 11. a5 Nxa5 12. dxc5 Bxc5 13. Na4 Qa7 14. Nxc5 Qxc5 15. b4 Qxb4 16. Bd2 Qd6 17. Bxa5 0-0 18. Rb1 Rfb8 19. Rb6 Qc5 20. Qa1 Nd7 21. Rc1 Qf8 22. Bb4 Qe8 23. Rd6 a5 24. Bc3 Qe7 25. Rxd7 Bxd7 26. Bxg7 Ra6 27. Ne5 Rc8 28. Rxc8+ Bxc8 29. Bxd5 Kxg7 30. Bc4 Ra8 31. Nxf7+ Qf6 32. Qa2 Bh3 33. f4 Qd4+ 0-1

[Event "Regionalliga SW 1011"]
[Site "Bayern"]
[Date "2011.03.20"]
[Round "8.8"]
[White "Fernandez Garcia, Relman"]
[Black "Zellweger, Wilfried"]
[Result "1/2-1/2"]
[WhiteElo "2014"]
[BlackElo "1956"]
[PlyCount "40"]
[EventDate "2010.10.10"]
[EventType "team-tourn"]
[EventRounds "9"]
[EventCountry "GER"]
[SourceTitle "EXT 2012"]
[Source "ChessBase"]
[SourceDate "2011.11.24"]
[SourceVersion "1"]
[SourceVersionDate "2011.11.24"]
[SourceQuality "1"]
[WhiteTeam "Muenchen Schwabing"]
[BlackTeam "Tuerkheim/Bad Woerishofen"]
[WhiteTeamCountry "GER"]
[BlackTeamCountry "GER"]

1. d4 d5 2. Nf3 Nf6 3. c4 c6 4. Nc3 e6 5. Bg5 dxc4 6. a4 Bb4 7. e4 Bxc3+ 8. bxc3 Qa5 9. e5 Ne4 10. Bd2 Nxd2 11. Qxd2 b5 12. Ng5 Nd7 13. Be2 Qc7 14. Ne4 0-0 15. axb5 cxb5 16. Nd6 Rb8 17. 0-0 a6 18. Qa2 Nb6 19. Rfc1 Nd5 20. Bf3 Bb7 1/2-1/2

[Event "Regionalliga SW 0910"]
[Site "Bayern"]
[Date "2009.12.13"]
[Round "4.5"]
[White "Mueller, Marcus"]
[Black "Fernandez Garcia, Relman"]
[Result "1/2-1/2"]
[WhiteElo "2059"]
[BlackElo "1982"]
[PlyCount "34"]
[EventDate "2009.10.18"]
[EventType "team-tourn"]
[EventRounds "9"]
[EventCountry "GER"]
[SourceTitle "EXT 2011"]
[Source "ChessBase"]
[SourceDate "2010.11.26"]
[SourceVersion "1"]
[SourceVersionDate "2010.11.26"]
[SourceQuality "1"]
[WhiteTeam "Garching II"]
[BlackTeam "Muenchen Schwabing"]
[WhiteTeamCountry "GER"]
[BlackTeamCountry "GER"]

1. Nf3 d5 2. d4 c6 3. e3 Bf5 4. c4 e6 5. Nc3 Nd7 6. Qb3 Qb6 7. c5 Qc7 8. Nh4 Bg6 9. Nxg6 hxg6 10. f4 f5 11. Bd2 Ngf6 12. Be2 Be7 13. 0-0-0 b6 14. cxb6 Qxb6 15. Qc2 Ne4 16. Nxe4 fxe4 17. Kb1 Rb8 1/2-1/2

[Event "Regionalliga SW 0708"]
[Site "Bayern"]
[Date "2007.11.04"]
[Round "2.5"]
[White "Czap, Bernhard"]
[Black "Fernandez Garcia, Relman"]
[Result "1/2-1/2"]
[WhiteElo "2074"]
[BlackElo "2008"]
[PlyCount "127"]
[EventDate "2007.10.21"]
[EventType "team-tourn"]
[EventRounds "9"]
[EventCountry "GER"]
[SourceTitle "EXT 2009"]
[Source "ChessBase"]
[SourceDate "2008.11.26"]
[SourceVersion "1"]
[SourceVersionDate "2008.11.26"]
[SourceQuality "1"]
[WhiteTeam "Unterhaching"]
[BlackTeam "Muenchen Schwabing"]
[WhiteTeamCountry "GER"]
[BlackTeamCountry "GER"]

1. d4 d5 2. Nf3 Nf6 3. c4 c6 4. Nc3 e6 5. Bg5 Nbd7 6. e3 Qa5 7. Bxf6 Nxf6 8. Bd3 dxc4 9. Bxc4 Bb4 10. Qc2 0-0 11. 0-0 Qh5 12. Ne4 Nxe4 13. Qxe4 Bd7 14. Ne5 Rad8 15. f4 Qf5 16. Qf3 Bc8 17. g4 Qf6 18. g5 Qe7 19. Qh5 f6 20. Ng4 Qf7 21. Qh4 Qg6 22. f5 Qxg5 23. Qxg5 fxg5 24. fxe6 Be7 25. Ne5 Rf6 26. Nf7 Re8 27. Nxg5 Rg6 28. h4 h6 29. Bd3 Rxg5+ 30. hxg5 Bxg5 31. Bg6 Bxe3+ 32. Kg2 Rxe6 33. Bf7+ Kh7 34. Bxe6 Bxe6 35. b3 Bd5+ 36. Kg3 Bxd4 37. Rae1 Bc5 38. Re8 Kg6 39. Rd1 h5 40. Rd8 h4+ 41. Kh2 Be6 42. Rb8 Bg4 43. Rd3 Bf5 44. Rd2 b5 45. Rb7 Kf6 46. Rc7 Be4 47. Rdd7 g5 48. Rxa7 g4 49. Rf7+ Ke6 50. Rf4 Bxa7 51. Rxe4+ Kf5 52. Re8 Bd4 53. a4 bxa4 54. bxa4 Be5+ 55. Kh1 h3 56. a5 Bd4 57. Kh2 c5 58. a6 c4 59. Re7 c3 60. a7 Bxa7 61. Rxa7 Ke4 62. Kg3 c2 63. Rc7 Kd3 64. Rd7+ 1/2-1/2

[Event "Landesliga Sued 0506"]
[Site "Bayern"]
[Date "2005.11.27"]
[Round "3.5"]
[White "Reis, Thomas"]
[Black "Fernandez Garcia, Relman"]
[Result "0-1"]
[WhiteElo "2114"]
[BlackElo "2007"]
[PlyCount "90"]
[EventDate "2005.10.23"]
[EventType "team-tourn"]
[EventRounds "9"]
[EventCountry "GER"]
[SourceTitle "EXT 2007"]
[Source "ChessBase"]
[SourceDate "2006.11.23"]
[SourceVersion "1"]
[SourceVersionDate "2006.11.23"]
[SourceQuality "1"]
[WhiteTeam "Kriegshaber SK"]
[BlackTeam "Schwabing SG Nord"]
[WhiteTeamCountry "GER"]
[BlackTeamCountry "GER"]

1. Nf3 d5 2. c4 e6 3. g3 Nf6 4. Bg2 c6 5. b3 Nbd7 6. Bb2 Qb6 7. Qc2 Be7 8. 0-0 0-0 9. d3 Re8 10. e4 Nf8 11. Nbd2 Bd7 12. h3 h6 13. Kh2 Rad8 14. e5 N6h7 15. d4 dxc4 16. bxc4 c5 17. d5 exd5 18. cxd5 Bb5 19. d6 Bxd6 20. exd6 Bxf1 21. Rxf1 Qxd6 22. Nc4 Qa6 23. a4 f6 24. Ne3 b6 25. Nh4 Qd3 26. Qc1 Qb3 27. Bc6 Re7 28. Nhf5 Rc7 29. Bb5 Qb4 30. Bc4+ Kh8 31. Nd5 Rxd5 32. Bxd5 Qxa4 33. Re1 Rd7 34. Be6 Nxe6 35. Rxe6 Ng5 36. Re8+ Kh7 37. Re3 Rd1 38. Qc3 Ne4 39. Qb3 Qxb3 40. Rxb3 Rd2 41. g4 Rxf2+ 42. Kg1 Re2 43. Kf1 Rc2 44. Ke1 Nf2 45. Ne3 Rxb2 0-1

[Event "Regionalliga SW 0405"]
[Site "Bayern"]
[Date "2005.01.16"]
[Round "5.6"]
[White "Schaffranietz, Horst"]
[Black "Fernandez Garcia, Relman"]
[Result "1-0"]
[WhiteElo "1866"]
[BlackElo "1992"]
[PlyCount "111"]
[EventDate "2004.10.24"]
[EventType "team-tourn"]
[EventRounds "9"]
[EventCountry "GER"]
[SourceTitle "EXT 2007"]
[Source "ChessBase"]
[SourceDate "2006.11.23"]
[SourceVersion "1"]
[SourceVersionDate "2006.11.23"]
[SourceQuality "1"]
[WhiteTeam "Pasing II"]
[BlackTeam "Muenchen Schwabing/Nord II"]
[WhiteTeamCountry "GER"]
[BlackTeamCountry "GER"]

1. e4 e6 2. d4 d5 3. Nc3 Nf6 4. Bg5 Be7 5. e5 Nfd7 6. h4 a6 7. Qg4 f5 8. Qg3 c5 9. Nf3 Nc6 10. 0-0-0 cxd4 11. Ne2 d3 12. Rxd3 Nc5 13. Nc3 Ne4 14. Qf4 Nxf2 15. Rg1 Nxd3+ 16. Bxd3 h6 17. Bxe7 Qxe7 18. g4 fxg4 19. Rxg4 Rf8 20. Qg3 Rxf3 21. Qxf3 Nxe5 22. Bg6+ Kd8 23. Qg3 Nxg4 24. Qxg4 Bd7 25. Qd4 Rc8 26. Qb6+ Rc7 27. Qa7 Qc5 28. Qb8+ Bc8 29. h5 Qe3+ 30. Kd1 e5 31. Qxc7+ Kxc7 32. Nxd5+ Kd8 33. Nxe3 Ke7 34. Kd2 Kf6 35. Kd3 Bd7 36. Nd5+ Ke6 37. c4 b5 38. Nc7+ Kf6 39. Nxa6 bxc4+ 40. Kc3 Bf5 41. Bxf5 Kxf5 42. a4 e4 43. Nb4 g5 44. hxg6 Kxg6 45. a5 h5 46. a6 h4 47. a7 h3 48. a8Q Kf5 49. Kd4 Kf4 50. Qxe4+ Kg3 51. Nd5 c3 52. Qf4+ Kg2 53. Ne3+ Kg1 54. Qg3+ Kh1 55. Nf1 c2 56. Qh2# 1-0